[Event "POL-chT 2nd League"]
[Site "Szczyrk"]
[Date "2014.09.12"]
[Round "7.37"]
[White "Tokarski, Lukasz"]
[Black "Choroszej, Aleksander"]
[Result "1-0"]
[WhiteElo "2214"]
[BlackElo "2082"]
[PlyCount "51"]
[EventDate "2014.09.06"]
[EventType "team-swiss"]
[EventRounds "9"]
[EventCountry "POL"]
[SourceTitle "EXT 2015"]
[Source "ChessBase"]
[SourceDate "2014.11.20"]
[SourceVersion "1"]
[SourceVersionDate "2014.11.20"]
[SourceQuality "1"]
[WhiteTeam "Jaworzno JKSz MCKiS"]
[BlackTeam "Zielonka Zieloni"]
[WhiteTeamCountry "POL"]
[BlackTeamCountry "POL"]

1. e4 g6 2. d4 Bg7 3. Nc3 d6 4. Be3 a6 5. f4 Nd7 6. Nf3 b5 7. Bd3 Bb7 8. e5 c5 9. Be4 Bxe4 10. Nxe4 cxd4 11. Bxd4 dxe5 12. fxe5 Nh6 13. e6 Nf6 14. Neg5 Qd5 15. Qe2 0-0 16. Rd1 Qxa2 17. 0-0 Qc4 18. Rd3 Rac8 19. c3 fxe6 20. Nxe6 Rfe8 21. Nxg7 Kxg7 22. Ne5 Qg8 23. g4 g5 24. Nd7 Rc6 25. Re3 Nf7 26. Nxf6 1-0

[Event "POL-chT 2nd League"]
[Site "Szczyrk"]
[Date "2014.09.10"]
[Round "5.49"]
[White "Steczek, Marcin"]
[Black "Tokarski, Lukasz"]
[Result "1/2-1/2"]
[WhiteElo "2363"]
[BlackElo "2214"]
[PlyCount "66"]
[EventDate "2014.09.06"]
[EventType "team-swiss"]
[EventRounds "9"]
[EventCountry "POL"]
[SourceTitle "EXT 2015"]
[Source "ChessBase"]
[SourceDate "2014.11.20"]
[SourceVersion "1"]
[SourceVersionDate "2014.11.20"]
[SourceQuality "1"]
[WhiteTeam "Konin Hetman"]
[BlackTeam "Jaworzno JKSz MCKiS"]
[WhiteTeamCountry "POL"]
[BlackTeamCountry "POL"]

1. Nf3 g6 2. d4 Bg7 3. c4 Nf6 4. Nc3 0-0 5. Bf4 d6 6. h3 c5 7. e3 cxd4 8. exd4 Qa5 9. Bd2 Nbd7 10. Be2 Qd8 11. 0-0 b6 12. Re1 Bb7 13. d5 Rc8 14. b3 a6 15. a4 Nc5 16. Qc2 e5 17. b4 Ncd7 18. Rad1 h6 19. Qa2 Re8 20. Be3 Bf8 21. Nd2 Nh7 22. Nb3 Qh4 23. Qd2 f5 24. a5 b5 25. g3 Qxh3 26. Bf1 Qg4 27. Be2 Qh3 28. Bf1 Qg4 29. Be2 Qh3 30. Bf1 Qg4 31. Be2 Qh3 32. Bf1 Qg4 33. Be2 Qh3 1/2-1/2

[Event "POL-chT 2nd League"]
[Site "Szczyrk"]
[Date "2014.09.09"]
[Round "4.19"]
[White "Tokarski, Lukasz"]
[Black "Chojnacki, Slawomir"]
[Result "1/2-1/2"]
[WhiteElo "2214"]
[BlackElo "2241"]
[PlyCount "168"]
[EventDate "2014.09.06"]
[EventType "team-swiss"]
[EventRounds "9"]
[EventCountry "POL"]
[SourceTitle "EXT 2015"]
[Source "ChessBase"]
[SourceDate "2014.11.20"]
[SourceVersion "1"]
[SourceVersionDate "2014.11.20"]
[SourceQuality "1"]
[WhiteTeam "Jaworzno JKSz MCKiS"]
[BlackTeam "Mikolow AKS"]
[WhiteTeamCountry "POL"]
[BlackTeamCountry "POL"]

1. e4 c6 2. d4 d5 3. e5 Bf5 4. h4 h5 5. c4 e6 6. Nc3 Ne7 7. Nge2 dxc4 8. Ng3 Bd3 9. Bxd3 cxd3 10. Qxd3 Nd7 11. Qe2 g6 12. Bg5 Qa5 13. 0-0 Nf5 14. Rad1 Nb6 15. Nge4 Bg7 16. f3 Qb4 17. Qf2 Nc4 18. g4 Ne7 19. b3 Na3 20. Nd6+ Kf8 21. Na4 Bh6 22. Qe3 Bxg5 23. Qxg5 Nd5 24. Nc5 Kg7 25. f4 Nb5 26. Nxe6+ fxe6 27. f5 Rh6 28. f6+ Kh7 29. Nf7 Qf8 30. Nxh6 Qxh6 31. Rd3 hxg4 32. Rf2 Qh5 33. Qd2 Kg8 34. a4 Nbc7 35. Rg3 Kf7 36. Rfg2 Rg8 37. Rxg4 c5 38. Qf2 Qf5 39. Qd2 cxd4 40. Qxd4 Qb1+ 41. Kh2 b6 42. h5 Rh8 43. Rh4 Rxh5 44. Rxh5 gxh5 45. Qh4 Qf5 46. Qg3 Qg4 47. Qf2 Qe4 48. Rg7+ Kf8 49. Qg3 Ne8 50. Rg8+ Kf7 51. Rg7+ Kf8 52. Rxa7 Ne3 53. Kg1 Qb1+ 54. Kf2 Ng4+ 55. Ke2 Qb2+ 56. Kf1 Nxe5 57. Qf4 Qb1+ 58. Ke2 Qc2+ 59. Kf1 Qd1+ 60. Kg2 Qg4+ 61. Qxg4 Nxg4 62. Rb7 Ne3+ 63. Kg3 Nd5 64. b4 Nxb4 65. Rxb6 Nd5 66. Rxe6 Nexf6 67. a5 Kf7 68. Re5 Nc7 69. Kh4 Kg6 70. Rc5 Nfe8 71. Rxh5 Kf6 72. Kg4 Ke7 73. Kf4 Kd6 74. Ke3 Kc6 75. Kd4 Nd6 76. Rh6 Ncb5+ 77. Kd3 Kc5 78. Rh5+ Kb4 79. a6 Nc8 80. Rh1 Ka5 81. Ra1+ Kb6 82. Kc4 Nc7 83. a7 Nxa7 84. Rxa7 Kxa7 1/2-1/2

[Event "POL-chT 2nd League"]
[Site "Szczyrk"]
[Date "2014.09.07"]
[Round "2.43"]
[White "Tokarski, Lukasz"]
[Black "Tustanowski, Robert"]
[Result "1/2-1/2"]
[WhiteElo "2214"]
[BlackElo "2242"]
[PlyCount "90"]
[EventDate "2014.09.06"]
[EventType "team-swiss"]
[EventRounds "9"]
[EventCountry "POL"]
[SourceTitle "EXT 2015"]
[Source "ChessBase"]
[SourceDate "2014.11.20"]
[SourceVersion "1"]
[SourceVersionDate "2014.11.20"]
[SourceQuality "1"]
[WhiteTeam "Jaworzno JKSz MCKiS"]
[BlackTeam "Prudnik LKS Zarzewie"]
[WhiteTeamCountry "POL"]
[BlackTeamCountry "POL"]

1. e4 e5 2. Nf3 Nc6 3. Bb5 a6 4. Ba4 Nf6 5. 0-0 b5 6. Bb3 Bc5 7. c3 Bb6 8. d4 d6 9. h3 Bb7 10. Re1 h6 11. a4 Rb8 12. axb5 axb5 13. Na3 exd4 14. cxd4 Na5 15. Bc2 b4 16. e5 dxe5 17. Rxe5+ Kf8 18. Nb5 c6 19. Bd2 cxb5 20. Bxb4+ Kg8 21. Be7 Bxf3 22. Qxf3 Qxd4 23. Re2 Bc7 24. Rd1 Qf4 25. Qxf4 Bxf4 26. g3 Bc7 27. Bxf6 gxf6 28. Rd7 Be5 29. Be4 Nc4 30. Bd5 Rh7 31. Be4 Rg7 32. b3 Nb6 33. Re7 b4 34. Kg2 Na8 35. Rd7 Nb6 36. Re7 f5 37. Bxf5 f6 38. Re6 Kf8 39. Re4 Nd5 40. Rh4 Ne7 41. Bd3 Ng8 42. Bc4 Bc3 43. Rhe4 Rd8 44. Rh4 Rb8 45. Kf3 Rc7 1/2-1/2

[Event "POL-chT2"]
[Site "Poronin"]
[Date "2013.09.10"]
[Round "4.33"]
[White "Tokarski, Lukasz"]
[Black "Puczylowski, Marcin"]
[Result "0-1"]
[WhiteElo "2270"]
[BlackElo "2033"]
[PlyCount "124"]
[EventDate "2013.09.06"]
[EventType "team-swiss"]
[EventRounds "9"]
[EventCountry "POL"]
[SourceTitle "EXT 2015"]
[Source "ChessBase"]
[SourceDate "2014.11.20"]
[SourceVersion "1"]
[SourceVersionDate "2014.11.20"]
[SourceQuality "1"]
[WhiteTeam "Jaworzno JKSz MCKiS"]
[BlackTeam "Debica Gryf"]
[WhiteTeamCountry "POL"]
[BlackTeamCountry "POL"]

1. e4 e5 2. Nf3 Nc6 3. Bb5 a6 4. Ba4 Nf6 5. d3 b5 6. Bb3 Be7 7. Nbd2 d6 8. h3 a5 9. a4 b4 10. Nc4 0-0 11. 0-0 Be6 12. c3 Re8 13. Ng5 d5 14. Ne3 Qd7 15. exd5 Nxd5 16. Nxe6 fxe6 17. Qg4 Rad8 18. Bd2 Bc5 19. Rad1 Kh8 20. Nc4 Rb8 21. Bc2 Rf8 22. d4 exd4 23. Qh5 g6 24. Bxg6 bxc3 25. bxc3 Rg8 26. Bc2 Qg7 27. g4 Bf8 28. Bg5 h6 29. Bc1 dxc3 30. Rfe1 Nf6 31. Qh4 Nxg4 32. hxg4 Qxg4+ 33. Qxg4 Rxg4+ 34. Kf1 Rxc4 35. Rd7 Nd4 36. Bd3 Rxa4 37. Rxc7 Bg7 38. Bf4 Rf8 39. Bd6 Rd8 40. Be7 Rg8 41. Bf6 Nf3 42. Rc1 Nd2+ 43. Ke2 Ne4 44. Bxg7+ Rxg7 45. Rc8+ Rg8 46. Rc7 Ra2+ 47. Ke3 Nf6 48. Kf3 Rf8 49. Kg3 Rd2 50. Bb1 Rd5 51. R1xc3 Rg5+ 52. Kh3 Nd5 53. Rh7+ Kg8 54. Rg3 Rxf2 55. Rxh6 Rxg3+ 56. Kxg3 Rb2 57. Be4 Kf7 58. Kf3 Rb3+ 59. Kf2 Nf6 60. Bf3 a4 61. Rh4 a3 62. Ra4 Nd5 0-1

[Event "Rewal op-A 18th"]
[Site "Rewal"]
[Date "2013.08.29"]
[Round "9"]
[White "Rudolf, Michal"]
[Black "Tokarski, Lukasz"]
[Result "1-0"]
[WhiteElo "2367"]
[BlackElo "2270"]
[PlyCount "65"]
[EventDate "2013.08.20"]
[EventType "swiss"]
[EventRounds "9"]
[EventCountry "POL"]
[SourceTitle "CBM 156 Extra"]
[Source "ChessBase"]
[SourceDate "2013.10.22"]
[SourceVersion "1"]
[SourceVersionDate "2013.10.22"]
[SourceQuality "1"]

1. e4 e5 2. Nf3 Nc6 3. Bb5 a6 4. Ba4 Nf6 5. 0-0 b5 6. Bb3 Bc5 7. Nxe5 Nxe5 8. d4 Bxd4 9. Qxd4 d6 10. f4 c5 11. Qc3 Neg4 12. e5 c4 13. exf6 Qb6+ 14. Be3 Nxe3 15. Re1 0-0 16. Qxe3 Qxe3+ 17. Rxe3 gxf6 18. Nd2 d5 19. c3 cxb3 20. Nxb3 Bf5 21. Nd4 Be4 22. a4 f5 23. axb5 axb5 24. Rg3+ Kh8 25. Rxa8 Rxa8 26. b4 Ra1+ 27. Kf2 Ra2+ 28. Ke3 Bxg2 29. Nxb5 Rc2 30. Nd6 Rxc3+ 31. Kd4 Rxg3 32. hxg3 Bf1 33. b5 1-0

[Event "Rewal op-A 18th"]
[Site "Rewal"]
[Date "2013.08.23"]
[Round "4"]
[White "Tokarski, Lukasz"]
[Black "Wozniak, Mariola"]
[Result "1-0"]
[WhiteElo "2270"]
[BlackElo "2028"]
[PlyCount "39"]
[EventDate "2013.08.20"]
[EventType "swiss"]
[EventRounds "9"]
[EventCountry "POL"]
[SourceTitle "CBM 156 Extra"]
[Source "ChessBase"]
[SourceDate "2013.10.22"]
[SourceVersion "1"]
[SourceVersionDate "2013.10.22"]
[SourceQuality "1"]

1. e4 d6 2. d4 Nf6 3. Nc3 Nbd7 4. g4 h6 5. g5 hxg5 6. Bxg5 a6 7. Bg2 g6 8. f4 Bg7 9. Nf3 Rb8 10. Qe2 Nh5 11. e5 Nb6 12. 0-0-0 d5 13. Nh4 Nxf4 14. Bxf4 Rxh4 15. Bg5 Rh5 16. h4 Bf5 17. Rdf1 Qd7 18. Rxf5 Qxf5 19. Bh3 Rxh4 20. Bxf5 1-0

[Event "POL-chT 2nd League"]
[Site "Lazy"]
[Date "2012.09.08"]
[Round "8"]
[White "Walaszczyk, Witold"]
[Black "Tokarski, Lukasz"]
[Result "0-1"]
[WhiteElo "2210"]
[BlackElo "2278"]
[PlyCount "110"]
[EventDate "2012.09.01"]
[EventType "team-swiss"]
[EventRounds "9"]
[EventCountry "POL"]
[SourceTitle "EXT 2019"]
[Source "ChessBase"]
[SourceDate "2018.10.10"]
[SourceVersion "1"]
[SourceVersionDate "2018.10.10"]
[SourceQuality "1"]
[WhiteTeam "Konin Hetman"]
[BlackTeam "Jaworzno JKSz MCKiS"]
[WhiteTeamCountry "POL"]
[BlackTeamCountry "POL"]

1. d4 Nf6 2. c4 g6 3. Nf3 Bg7 4. g3 0-0 5. Bg2 d6 6. 0-0 Nbd7 7. Nc3 e5 8. h3 a6 9. e4 Rb8 10. Be3 Re8 11. Qc2 exd4 12. Nxd4 c5 13. Nde2 b5 14. Rad1 Qe7 15. Bf4 Rb6 16. Bg5 Bb7 17. f3 h6 18. Bc1 bxc4 19. Na4 d5 20. Nxb6 Nxb6 21. Nc3 d4 22. Nb1 Nh5 23. Kh2 g5 24. Na3 d3 25. Qf2 f5 26. Be3 Nxg3 27. Qxg3 f4 28. Bxf4 gxf4 29. Qg6 Qe6 30. Qxe6+ Rxe6 31. b3 cxb3 32. axb3 Rd6 33. Rf2 Bc3 34. Bf1 Bb4 35. Nb1 d2 36. Nxd2 a5 37. Bc4+ Kf8 38. Bd5 Ba6 39. Nb1 c4 40. bxc4 Bxc4 41. Rb2 Ke7 42. Rd4 Nxd5 43. Rxc4 Ne3 44. Rc7+ Ke6 45. h4 Rd1 46. Nc3 Rf1 47. Nb5 Be1 48. Nd4+ Ke5 49. Nf5 Bb4 50. Nxe3 fxe3 51. Kg2 Rd1 52. Rf7 Rd2+ 53. Rxd2 exd2 54. Rf5+ Kd4 55. Rd5+ Ke3 0-1

[Event "POL-chT 2nd League"]
[Site "Lazy"]
[Date "2012.09.04"]
[Round "4"]
[White "Tworzydlo, Piotr"]
[Black "Tokarski, Lukasz"]
[Result "1-0"]
[WhiteElo "2104"]
[BlackElo "2278"]
[PlyCount "115"]
[EventDate "2012.09.01"]
[EventType "team-swiss"]
[EventRounds "9"]
[EventCountry "POL"]
[SourceTitle "EXT 2019"]
[Source "ChessBase"]
[SourceDate "2018.10.10"]
[SourceVersion "1"]
[SourceVersionDate "2018.10.10"]
[SourceQuality "1"]
[WhiteTeam "Gant Hetman"]
[BlackTeam "Jaworzno JKSz MCKiS"]
[WhiteTeamCountry "POL"]
[BlackTeamCountry "POL"]

1. e4 c5 2. Nf3 e6 3. b3 Nc6 4. Bb2 d6 5. d4 cxd4 6. Nxd4 Nxd4 7. Bxd4 Bd7 8. Be2 Nf6 9. Nd2 Bc6 10. Bf3 Be7 11. 0-0 e5 12. Bb2 b5 13. Qe2 0-0 14. Rfd1 Qb6 15. c4 b4 16. Nf1 g6 17. Ng3 Nd7 18. Qd2 Nc5 19. Re1 Ne6 20. Bd1 Qc5 21. Qe3 Bg5 22. Qxc5 Nxc5 23. Bc2 h5 24. Nf1 a5 25. a3 h4 26. f3 h3 27. Ne3 f5 28. Rad1 Bxe3+ 29. Rxe3 Rad8 30. axb4 axb4 31. exf5 gxf5 32. f4 Bxg2 33. Rg3+ Kf7 34. Bxf5 Rg8 35. fxe5 dxe5 36. Re1 Rxg3 37. hxg3 Rd2 38. Bc1 Ra2 39. Rxe5 Bf3 40. Bxh3 Nxb3 41. Rf5+ Kg6 42. Be3 Be4 43. Rf4 Bd3 44. c5 Rc2 45. Rxb4 Nxc5 46. Rb6+ Kf7 47. Rd6 Be4 48. Bd4 Ba8 49. Rh6 Ne4 50. Rh7+ Kg6 51. Rg7+ Kh6 52. Bf5 Rc1+ 53. Kh2 Nf6 54. Rg6+ Kh5 55. g4+ Nxg4+ 56. Rxg4 Rd1 57. Be3 Bf3 58. Rg7 1-0

[Event "POL-chT 2nd League"]
[Site "Mrzezyno"]
[Date "2011.09.10"]
[Round "8.20"]
[White "Sygulski, Boguslaw"]
[Black "Tokarski, Lukasz"]
[Result "1/2-1/2"]
[WhiteElo "2239"]
[BlackElo "2304"]
[PlyCount "47"]
[EventDate "2011.09.03"]
[EventType "team-swiss"]
[EventRounds "9"]
[EventCountry "POL"]
[SourceTitle "EXT 2019"]
[Source "ChessBase"]
[SourceDate "2018.10.10"]
[SourceVersion "1"]
[SourceVersionDate "2018.10.10"]
[SourceQuality "1"]
[WhiteTeam "Pilzno GKSz Hetman"]
[BlackTeam "Jaworzno JKSz MCKiS"]
[WhiteTeamCountry "POL"]
[BlackTeamCountry "POL"]

1. e4 e5 2. Nf3 Nc6 3. Nc3 Nf6 4. a3 g6 5. d4 exd4 6. Nxd4 Bg7 7. Nxc6 bxc6 8. Bd3 0-0 9. 0-0 Re8 10. Re1 d6 11. Bg5 h6 12. Bh4 Rb8 13. Rb1 g5 14. Bg3 Ng4 15. h3 Ne5 16. Qd2 Qf6 17. Nd1 h5 18. Be2 Qg6 19. Ne3 Qxe4 20. Bxh5 Qh7 21. Be2 f5 22. Bxe5 dxe5 23. Qa5 f4 24. Ng4 1/2-1/2

[Event "POL-chT 2nd League"]
[Site "Mrzezyno"]
[Date "2011.09.05"]
[Round "3.2"]
[White "Krzyzanowski, Marcin"]
[Black "Tokarski, Lukasz"]
[Result "1-0"]
[WhiteElo "2375"]
[BlackElo "2304"]
[PlyCount "97"]
[EventDate "2011.09.03"]
[EventType "team-swiss"]
[EventRounds "9"]
[EventCountry "POL"]
[SourceTitle "EXT 2015"]
[Source "ChessBase"]
[SourceDate "2014.11.20"]
[SourceVersion "1"]
[SourceVersionDate "2014.11.20"]
[SourceQuality "1"]
[WhiteTeam "Warszawa Polonia II"]
[BlackTeam "Jaworzno JKSz MCKiS"]
[WhiteTeamCountry "POL"]
[BlackTeamCountry "POL"]

1. e4 c5 2. Nf3 d6 3. d4 Nf6 4. Nc3 cxd4 5. Nxd4 a6 6. Bg5 e6 7. f4 Be7 8. Qf3 Qc7 9. 0-0-0 Nbd7 10. Bd3 h6 11. h4 Nc5 12. f5 hxg5 13. hxg5 Rf8 14. gxf6 Bxf6 15. Nde2 Bd7 16. fxe6 Bxe6 17. Rh5 Qb6 18. a3 0-0-0 19. b4 Nd7 20. Nd5 Bxd5 21. Rxd5 Ne5 22. Qg3 Rfe8 23. Nf4 Nc6 24. Ne2 Be5 25. Qf3 Ne7 26. Ra5 Nc6 27. Rd5 Re6 28. b5 axb5 29. Rxb5 Qa7 30. Bc4 Rf6 31. Qh3+ Kb8 32. Bd5 Kc7 33. Kb1 Rf2 34. Qd3 Rxg2 35. Ka2 Rd7 36. Rdb1 Kd8 37. Rb6 Rc7 38. Bxc6 bxc6 39. Qc4 Rf2 40. Nc1 Rf3 41. Nd3 Kd7 42. Nxe5+ dxe5 43. Rd1+ Ke8 44. Qb4 f6 45. a4 Rf4 46. Qc4 Ke7 47. Rxc6 Rxc6 48. Qxc6 g5 49. Rb1 1-0

[Event "POL-chT 2st League"]
[Site "Mrzezyno"]
[Date "2010.09.04"]
[Round "1.86"]
[White "Lewtak, Damian"]
[Black "Tokarski, Lukasz"]
[Result "0-1"]
[WhiteElo "2079"]
[BlackElo "2265"]
[PlyCount "90"]
[EventDate "2010.09.04"]
[EventType "team-swiss"]
[EventRounds "9"]
[EventCountry "POL"]
[SourceTitle "EXT 2019"]
[Source "ChessBase"]
[SourceDate "2018.10.10"]
[SourceVersion "1"]
[SourceVersionDate "2018.10.10"]
[SourceQuality "1"]
[WhiteTeam "Czarna LKSz GCKiP"]
[BlackTeam "Jaworzno JKSz MCKiS"]
[WhiteTeamCountry "POL"]
[BlackTeamCountry "POL"]

1. e4 c5 2. Nf3 d6 3. d4 Nf6 4. Nc3 cxd4 5. Nxd4 a6 6. Bg5 e6 7. f4 Qb6 8. Qd2 Qxb2 9. Nb3 Qa3 10. Bxf6 gxf6 11. Be2 h5 12. 0-0 Nc6 13. Rad1 Be7 14. Bf3 Bd7 15. Rfe1 Rc8 16. Kh1 Na5 17. Nb1 Nxb3 18. cxb3 Qc5 19. Rc1 Qb6 20. Rxc8+ Bxc8 21. Na3 Qd8 22. Nc4 b5 23. Na5 Qb6 24. b4 h4 25. h3 Rg8 26. a3 Rg3 27. Rc1 Bb7 28. Nxb7 Qxb7 29. Qc3 e5 30. Qd2 f5 31. exf5 e4 32. Bg4 d5 33. Qd4 f6 34. Bh5+ Kf8 35. Rc3 Rxc3 36. Qxc3 Qd7 37. Qd4 Qd6 38. Bg6 Kg7 39. Be8 Bd8 40. Qa7+ Bc7 41. Qf2 Kf8 42. Bh5 Qxf4 43. Qxf4 Bxf4 44. Be8 d4 45. Kg1 d3 0-1

[Event "POL-chT U19 41st"]
[Site "Ustron"]
[Date "2010.07.06"]
[Round "1"]
[White "Warakomska, Anna"]
[Black "Tokarski, Lukasz"]
[Result "1/2-1/2"]
[WhiteElo "2192"]
[BlackElo "2299"]
[PlyCount "90"]
[EventDate "2010.07.06"]
[EventType "team-tourn"]
[EventRounds "9"]
[EventCountry "POL"]
[SourceTitle "EXT 2019"]
[Source "ChessBase"]
[SourceDate "2018.10.10"]
[SourceVersion "1"]
[SourceVersionDate "2018.10.10"]
[SourceQuality "1"]
[WhiteTeam "Suwalki Hancza U19"]
[BlackTeam "Jaworzno JKSz MCKiS U19"]
[WhiteTeamCountry "POL"]
[BlackTeamCountry "POL"]

1. e4 c5 2. Nf3 d6 3. d4 cxd4 4. Nxd4 Nf6 5. Nc3 a6 6. Be2 e5 7. Nb3 Be7 8. 0-0 0-0 9. Re1 Be6 10. Bf3 Nbd7 11. a4 Rc8 12. a5 Qc7 13. Be3 Rfd8 14. Re2 Bc4 15. Rd2 h6 16. Nc1 Bf8 17. Nd5 Bxd5 18. exd5 g6 19. b3 Bg7 20. Ra2 Nh7 21. Be2 f5 22. c4 Nhf6 23. f3 f4 24. Bf2 e4 25. Bd4 Re8 26. Qc2 Qd8 27. Qb2 Ne5 28. Rd1 g5 29. fxe4 g4 30. Nd3 f3 31. gxf3 gxf3 32. Bf1 Nxe4 33. Nf2 Qg5+ 34. Kh1 Nxf2+ 35. Qxf2 Rf8 36. Bh3 Rce8 37. Rad2 Qf4 38. Rg1 Rf6 39. Rdd1 Kh8 40. Ba1 Qe4 41. Bxe5 Rxe5 42. Rde1 Qf4 43. Rxe5 Qxe5 44. Re1 Qh5 45. Be6 Rf4 1/2-1/2

[Event "POL-chT U19 40th"]
[Site "Chotowa"]
[Date "2009.07.??"]
[Round "9"]
[White "Kolosowski, Mateusz"]
[Black "Tokarski, Lukasz"]
[Result "0-1"]
[WhiteElo "2270"]
[BlackElo "2277"]
[PlyCount "76"]
[EventDate "2009.07.06"]
[EventType "team-tourn"]
[EventRounds "9"]
[EventCountry "POL"]
[SourceTitle "EXT 2012"]
[Source "ChessBase"]
[SourceDate "2011.11.24"]
[SourceVersion "1"]
[SourceVersionDate "2011.11.24"]
[SourceQuality "1"]
[WhiteTeam "Skierniewice KS Piatka U19"]
[BlackTeam "Jaworzno JKSz MCKiS U19"]
[WhiteTeamCountry "POL"]
[BlackTeamCountry "POL"]

1. b3 e5 2. Bb2 Nc6 3. e3 d5 4. Bb5 f6 5. d4 exd4 6. exd4 Bd6 7. Nf3 Bg4 8. 0-0 Nge7 9. h3 Bh5 10. Nbd2 Qd7 11. c4 a6 12. Ba4 0-0-0 13. Rc1 Bf4 14. cxd5 Qxd5 15. Rc5 Qf7 16. Bxc6 Nxc6 17. Qc2 Bg6 18. Qc3 Qd7 19. Nc4 Bf7 20. b4 b6 21. b5 bxc5 22. bxc6 Qxc6 23. Na5 Qb5 24. dxc5 Rd3 25. a4 Rxc3 26. axb5 Rxc5 27. Nd4 axb5 28. Rb1 Re8 29. Ba3 Rd5 30. Nac6 Kd7 31. Bb2 Rd6 32. g3 Bd2 33. Rd1 Re1+ 34. Rxe1 Bxe1 35. Nb8+ Kc8 36. Nbc6 Kb7 37. Ne7 g6 38. Kf1 Bb4 0-1

[Event "Krakow op-A 19th"]
[Site "Krakow"]
[Date "2009.01.04"]
[Round "9"]
[White "Tokarski, Lukasz"]
[Black "Nasuta, Grzegorz"]
[Result "1-0"]
[WhiteElo "2302"]
[BlackElo "2081"]
[PlyCount "61"]
[EventDate "2008.12.26"]
[EventType "swiss"]
[EventRounds "9"]
[EventCountry "POL"]
[SourceTitle "CBM 128 Extra"]
[Source "ChessBase"]
[SourceDate "2009.03.05"]
[SourceVersion "2"]
[SourceVersionDate "2009.03.25"]
[SourceQuality "1"]

1. e4 e5 2. Nf3 Nc6 3. Bb5 a6 4. Ba4 b5 5. Bb3 Na5 6. 0-0 d6 7. d4 Nxb3 8. axb3 f6 9. Nc3 Bb7 10. Qd3 Qd7 11. Rd1 Qc6 12. Nd5 Ne7 13. c4 Nxd5 14. exd5 Qd7 15. c5 dxc5 16. dxe5 0-0-0 17. Qc2 Qg4 18. h3 Qh5 19. Qe4 Be7 20. Bf4 Rd7 21. Qe3 Rhd8 22. exf6 gxf6 23. Qe6 Kb8 24. Rxa6 Rxd5 25. Rxd5 Qxd5 26. Qxe7 Bxa6 27. Qxc7+ Ka8 28. Qb6 Qd7 29. Qxa6+ Qa7 30. Qxb5 Rc8 31. Nd2 1-0

[Event "Krakow op-A 19th"]
[Site "Krakow"]
[Date "2009.01.03"]
[Round "8"]
[White "Baumann, Dariusz"]
[Black "Tokarski, Lukasz"]
[Result "1-0"]
[WhiteElo "2074"]
[BlackElo "2302"]
[PlyCount "119"]
[EventDate "2008.12.26"]
[EventType "swiss"]
[EventRounds "9"]
[EventCountry "POL"]
[SourceTitle "CBM 128 Extra"]
[Source "ChessBase"]
[SourceDate "2009.03.05"]
[SourceVersion "2"]
[SourceVersionDate "2009.03.25"]
[SourceQuality "1"]

1. e4 c5 2. Nf3 d6 3. d4 Nf6 4. Nc3 cxd4 5. Nxd4 a6 6. Be3 e5 7. Nb3 Be6 8. f3 Be7 9. Qd2 h5 10. 0-0-0 Nbd7 11. Kb1 b5 12. Qf2 Rc8 13. Nd5 Nxd5 14. exd5 Bf5 15. Bd3 Bxd3 16. Rxd3 a5 17. g4 hxg4 18. fxg4 Rc4 19. Rf1 Rf8 20. Qg2 Nf6 21. h3 Qc7 22. Rc1 Ne4 23. Nd2 Nxd2+ 24. Rxd2 b4 25. b3 Rc3 26. Rd3 Kd7 27. Bd2 Rc8 28. Bxc3 bxc3 29. Qe4 Qc5 30. Qa4+ Kd8 31. Ka1 Rb8 32. Rf1 Bf6 33. Qc6 Rc8 34. Qa4 Ke7 35. Qe4 Bg5 36. Qf5 Bf4 37. Rdd1 g6 38. Qe4 Bg5 39. Qf3 Bf4 40. Qe4 Be3 41. h4 Rb8 42. Qf3 Bf4 43. Rd3 Rc8 44. h5 a4 45. Rb1 axb3 46. Rxb3 Bd2 47. hxg6 fxg6 48. g5 Bf4 49. Qg4 Ra8 50. Rdxc3 Qd4 51. Qe6+ Kf8 52. Qxd6+ Kg8 53. Rb8+ Rxb8 54. Qxb8+ Kg7 55. Qc7+ Kg8 56. Qc4 Qd1+ 57. Kb2 Qc1+ 58. Kb3 Qb1+ 59. Ka4 Bxg5 60. Qc8+ 1-0